Loading...
Philosophy | 3 | 5 | 1 | 0 | 90 | 56 | 80.88 | 4 | 7 |
Science - Physics | 5 | 2 | 2 | 0 | 85 | 42 | 69.71 | 5 | 6 |
Social Science | 1 | 7 | 1 | 2 | 80 | 46 | 84.13 | 1 | 8 |
Fine Arts - Other Arts | 3 | 0 | 0 | 0 | 45 | 59 | 63.00 | 3 | 3 |
History - American History | 1 | 3 | 0 | 0 | 45 | 41 | 68.00 | 4 | 4 |
Science - Other Science | 2 | 2 | 3 | 0 | 35 | 27 | 68.75 | 1 | 4 |
Auditory Arts | 2 | 0 | 1 | 0 | 25 | 32 | 49.50 | 2 | 2 |
Science - Biology | 1 | 1 | 0 | 0 | 25 | 54 | 64.00 | 2 | 2 |
Current Events | 0 | 2 | 0 | 0 | 20 | 64 | 67.00 | 0 | 2 |
Science - Chemistry | 0 | 3 | 3 | 0 | 15 | 60 | 69.33 | 1 | 3 |
Literature - American Literature | 1 | 0 | 1 | 0 | 10 | 30 | 30.00 | 1 | 1 |
Beliefs | 0 | 1 | 0 | 0 | 10 | 84 | 84.00 | 0 | 1 |
Literature - European Literature | 0 | 1 | 0 | 0 | 10 | 107 | 107.00 | 0 | 1 |
History - European History | 0 | 1 | 1 | 0 | 5 | 116 | 116.00 | 1 | 1 |